| 000 | 00643nam a2200193 a 4500 | ||
|---|---|---|---|
| 001 | 000034917 | ||
| 005 | 20200930074002.0 | ||
| 008 | 111021s1953 xxu 000 f eng d | ||
| 040 |
_aDO-SdBNP _bspa _cBNPHU |
||
| 082 |
_a813.52 _bC455L |
||
| 100 | 1 |
_aChandler, Raymond, _d1888-1959 _911551 |
|
| 245 | 1 | 0 |
_aThe long goodbye / _cRaymond Chandler. |
| 260 |
_aNew York : _bBallantine Books, _c1953. |
||
| 300 |
_a312 p. ; _c18 cm. |
||
| 590 | _aPerteneció a la biblioteca personal de Juan Isidro Jimenes Grullón | ||
| 650 | 4 |
_aNovela estadounidense _9262 |
|
| 650 | 4 |
_aLiteratura estadounidense _9263 |
|
| 910 | _aValidado. Control de calidad MFF | ||
| 999 |
_c34408 _d34408 |
||